|
|
|
|
| LEADER |
01392nam a2200349 a 4500 |
| 001 |
39771 |
| 003 |
BD-DhAAL |
| 005 |
20221019115257.0 |
| 008 |
221019t2008 bg s 000 0 eng d |
| 999 |
|
|
|c 44988
|d 44988
|
| 010 |
|
|
|a 2009311491
|
| 020 |
|
|
|a 9843000025630
|
| 025 |
|
|
|a B-E-2009-311491; 22
|
| 037 |
|
|
|b Library of Congress -- New Delhi Overseas Office
|c TK475.00
|
| 040 |
|
|
|a DLC
|c DLC
|d DLC
|d BD-DhAAL
|
| 042 |
|
|
|a lcode
|
| 043 |
|
|
|a a-bg---
|
| 050 |
0 |
0 |
|a HG1240.6
|b .R43 2008
|
| 082 |
|
|
|a 332.41095492
|2 23
|
| 245 |
0 |
0 |
|a Recent inflation in Bangladesh :
|b trends, determinants, and impact of poverty : a review of Bangladesh's development 2007-08 /
|c Mustafizur Rahman ... [et al.].
|
| 260 |
|
|
|a Dhaka :
|b Centre for Policy Dialogue,
|c 2008.
|
| 300 |
|
|
|a xxiii, 260 pages ;
|c 25 cm.
|
| 500 |
|
|
|a Includes statistical tables.
|
| 541 |
|
|
|a Donated By Akbar Ali Khan
|e 39771
|
| 650 |
|
0 |
|a Inflation (Finance)
|z Bangladesh.
|9 51977
|
| 650 |
|
0 |
|a Finance.
|9 51978
|
| 650 |
|
0 |
|a Economics.
|9 51979
|
| 700 |
0 |
|
|a Mustafizur Rahman,
|d 1955-
|9 51980
|
| 710 |
2 |
|
|a Centre for Policy Dialogue (Bangladesh).
|9 51981
|
| 852 |
|
|
|a Ayesha Abed Library
|c Akbar Ali Khan Collection
|
| 942 |
|
|
|2 ddc
|c BK
|
| 952 |
|
|
|0 0
|1 0
|2 ddc
|4 0
|6 332_410954920000000_REC
|7 1
|9 72127
|a BRACUL
|b BRACUL
|c CS1
|d 2022-10-19
|e Donated by Akbar Ali Khan
|g 475.00
|l 0
|o 332.41095492 REC
|p 3010039771
|r 2022-10-19
|t 1
|w 2022-10-19
|y BK
|